Statistics for countries with the best quality opals

Click here to take the quiz!

General Stats

  • This quiz has been taken 17 times
  • The average score is 4 of 7

Answer Stats

Answer% Correct
north americaunited states
100%
oceaniaaustralia
88%
north americamexico
81%
south americabrazil
75%
asiaindonesia
38%
africaethiopia
13%
europeczech republic
6%

Score Distribution

Percentile by Number Answered

Percent of People with Each Score

Your Score History

You have not taken this quiz